Guess the 1970s song lyrics #103 - Statistics

General Stats
  • This quiz has been taken 20 times
  • The average score is 194 of 306
Answer Stats
Answer % Correct
a
94%
the
94%
The
94%
And
89%
and
89%
of
89%
on
89%
to
89%
be
83%
do
83%
if
83%
love
83%
Love
83%
we
83%
will
83%
you
83%
You
83%
don't
78%
Don't
78%
get
78%
have
78%
it's
78%
It's
78%
that
78%
way
78%
your
78%
Your
78%
all
72%
but
72%
But
72%
find
72%
Find
72%
Just
72%
just
72%
so
72%
So
72%
was
72%
why
72%
you're
72%
You're
72%
feel
67%
like
67%
Now
67%
now
67%
had
61%
heart
61%
keep
61%
Keep
61%
Oh
61%
oh
61%
You'll
61%
Cause
56%
cause
56%
done
56%
let
56%
Once
56%
wrong
56%
Yeah
56%
feeling
50%
need
50%
open
50%
right
50%
Someone
50%
That's
50%
they're
50%
thought
50%
up
50%
afraid
44%
again
44%
reason
44%
said
44%
something
44%
such
44%
thinking
44%
fool
39%
maybe
39%
new
39%
Our
39%
pain
39%
shine
39%
start
39%
through
39%
true
39%
alright
33%
brand
33%
felt
33%
learn
33%
move
33%
past
33%
someone's
33%
Sometimes
33%
strong
33%
Yes
33%
yes
33%
yourself
33%
else
28%
goodbye
28%
Poor
28%
cool
22%
dreams
22%
hey
22%
understand
22%
almost
17%
apart
17%
change
17%
falling
17%
rearrange
17%
alright
6%
No matching quizzes found
Score Distribution
Percent of People with Each Score
Percentile by Number Answered
Your Score History
You have not taken this quiz